Thực hành hóa học hữu cơ = Organikum organisch - chemisches grundpraktikum

שמור ב:
מידע ביבליוגרפי
פורמט: ספר
שפה:Undetermined
יצא לאור: Hà Nội Khoa học và Kỹ thuật 1976
נושאים:
תגים: הוספת תג
אין תגיות, היה/י הראשונ/ה לתייג את הרשומה!
Thư viện lưu trữ: Trung tâm Học liệu Trường Đại học Cần Thơ
LEADER 00640nam a2200193Ia 4500
001 CTU_3176
008 210402s9999 xx 000 0 und d
082 |a 547.0028 
082 |b Th552/T.1 
245 0 |a Thực hành hóa học hữu cơ = 
245 0 |b Organikum organisch - chemisches grundpraktikum 
245 0 |c Phan Tống Sơn 
260 |a Hà Nội 
260 |b Khoa học và Kỹ thuật 
260 |c 1976 
526 |a TT. Hóa vô cơ và hữu cơ đại cương 
526 |b TN022 
650 |a Chemistry, organic - laboratory manuals 
980 |a Trung tâm Học liệu Trường Đại học Cần Thơ